GIS basics (Record no. 753973)

MARC details
000 -LEADER
fixed length control field 00443nam a2200169 4500
020 ## - INTERNATIONAL STANDARD BOOK NUMBER
ISBN 9789393159236
082 ## - DEWEY DECIMAL CLASSIFICATION NUMBER
Classification number 910.285
Item number SHA.G
084 ## - OTHER CLASSIFICATION NUMBER
Source of Number Colon Classification
100 ## - MAIN ENTRY--AUTHOR NAME
Personal name Shahab,Fazal
245 ## - TITLE STATEMENT
Title GIS basics
250 ## - EDITION STATEMENT
Edition statement 2nd ed.
260 ## - PUBLICATION, DISTRIBUTION, ETC. (IMPRINT)
Place of publication NewDelhi:
Name of publisher New Age International,
Year of publication 2024.
300 ## - PHYSICAL DESCRIPTION
Number of Pages 367p.
650 ## - SUBJECT ADDED ENTRY--TOPICAL TERM
Topical Term Geographical information system
Form subdivision Cartography
942 ## - ADDED ENTRY ELEMENTS (KOHA)
Source of classification or shelving scheme Dewey Decimal Classification
Koha item type Gift
Holdings
Withdrawn status Lost status Source of classification or shelving scheme Damaged status Not for loan Home Library Current Location Shelving location Date acquired Full call number Accession Number Price effective from Koha item type
    Dewey Decimal Classification     Campus Library Kariavattom Campus Library Kariavattom General Stacks 01/12/2025 910.285 SHA.G UCLG1040 01/12/2025 Gift